00233nam a2200121Ia 4500100001800000250000600018366000700024654000800031245001800039260002200057300000900079546002300088 aHunter/David  a4 f25 axml aBeginning XML bWiley Indiac2007 a1039 aENGLISHcComputers